Návrh na vytvorenie útvaru riadenia ľudských zdrojov v podniku
Hlavné úlohy útvaru riadenia ľudských zdrojov v organizácii. Súčasný stav personálnych činností v spoločnosti B.T. Transport s.r.o. Zvolen. Návrh na vytvorenie útvaru riadenia ľudských zdrojov v spoločnosti. Vymedzenie útvaru riadenia ľudských zdrojov v rámci organizačnej štruktúry. Analýza práce z...
Salvato in:
| Autore principale: | |
|---|---|
| Natura: | Capitolo di libro |
| Lingua: | slovacco |
| Soggetti: | |
| Tags: |
Nessun Tag, puoi essere il primo ad aggiungerne!!
|
MARC
| LEADER | 00000nla$a2200000$$$4500 | ||
|---|---|---|---|
| 001 | 0051771 | ||
| 005 | 20231106104348.6 | ||
| 041 | 0 | |a slo | |
| 044 | |a SK | ||
| 245 | 1 | 0 | |a Návrh na vytvorenie útvaru riadenia ľudských zdrojov v podniku |c Miloš Hitka |
| 520 | |a Hlavné úlohy útvaru riadenia ľudských zdrojov v organizácii. Súčasný stav personálnych činností v spoločnosti B.T. Transport s.r.o. Zvolen. Návrh na vytvorenie útvaru riadenia ľudských zdrojov v spoločnosti. Vymedzenie útvaru riadenia ľudských zdrojov v rámci organizačnej štruktúry. Analýza práce zamestnanca útvaru riadenia ľudských zdrojov. | ||
| 610 | 2 | 0 | |a riadenie ľudských zdrojov |
| 610 | 2 | 0 | |a personalistika |
| 610 | 2 | 0 | |a štruktúra podniku organizačná |
| 610 | 2 | 0 | |a manažment personálny |
| 610 | 2 | 0 | |a produktivita práce |
| 610 | 2 | 0 | |a zamestnanci |
| 100 | 1 | |a Hitka, Miloš | |